| 000 | 00331nam a22001337a 4500 | ||
|---|---|---|---|
| 008 | 180914b xxu||||| |||| 00| 0 eng d | ||
| 020 | _a9780132556187 | ||
| 041 | _aeng | ||
| 080 |
_27 ED _a330.101 |
||
| 100 | _a52 | ||
| 101 | _aMIC | ||
| 245 |
_aMicroeconomics Principles Applications And Tools _cPerex.O |
||
| 942 |
_2udc _cBK |
||
| 999 |
_c47801 _d47801 |
||